|
|
|
|
| LEADER |
00000nab a2200000 a 4500 |
| 001 |
vtls010199245 |
| 003 |
SK-MaSNL |
| 005 |
20260318140025.0 |
| 008 |
101220 2010 xo | |000 0|hun |
| 015 |
|
|
|a SNBRB2010/12
|2 kevkjb
|
| 038 |
|
|
|a KEVKJB
|
| 040 |
|
|
|a KEVKJB
|b slo
|c KEVKJB
|e AACR2
|
| 041 |
0 |
|
|a hun
|
| 044 |
|
|
|a xo
|c SK
|
| 080 |
|
|
|a 821.511.141-1
|2 2001
|
| 100 |
1 |
|
|a Áprily, Lajos,
|d 1887-1967
|4 aut
|9 447032
|
| 245 |
1 |
0 |
|a Karácsony-est
|c Áprily Lajos
|
| 300 |
|
|
|b Fotogr.
|
| 655 |
|
7 |
|a maďarská poézia
|2 kevkjb
|9 70602
|
| 773 |
0 |
|
|t Kassai Figyelő
|g Évf. VIII, sz. 12 (2010), o. [2]
|
| 852 |
|
|
|a KEVKJB
|b KIS3GCP
|
| 958 |
|
|
|a HU
|
| 958 |
|
|
|a LX
|
| 999 |
|
|
|c 1808913
|d 1810843
|